000 00996nam a22002297a 4500
008 131009b xxu||||| |||| 00| 0 alb d
020 _a9951130100
041 0 _aalb, eng
080 _a021
_x(036)
245 1 0 _aBiblioteka Kombëtare dhe Universitare e Kosovës :
_cPërgatitën Fazli Gajraku, Bedri Gashi, Gjon Berisha ; Përktheu Besim J. Kokollari.
260 _aPrishtinë :
_bBiblioteka Kombëtare dhe Universitare e Kosovës ;
_c2004
300 _a29 f.:
_bme il.; me ngjyra
_c24 cm.
500 _aNë anën e kundërt të librit teksti krahasues në gjuhën angleze
610 _aBiblioteka Kombëtare dhe Universitare e Kosovës
_vGuidë
_xHistoria
650 0 _aBibliotekaria
_vGuidë
700 _aGajraku, Fazli
700 _aGashi, Bedri
700 _aBerisha, Gjon
700 _aKokollari, Besim J.
700 _aBiblioteka Kombëtare dhe Universitare e Kosovës.
942 _2udc
_cBK
999 _c78
_d78